[Event "Issy les Moulineaux-Lille"]
[Site "Henin Beaumont"]
[Date "2008.03.16"]
[Round "9.4"]
[White "Julve, Philippe"]
[Black "Aveline, Philippe"]
[Result "1-0"]
[WhiteElo "2237"]
[BlackElo "2178"]
[PlyCount "77"]
[EventDate "2008.03.16"]
[SourceDate "2007.10.24"]

1. d4 Nf6 2. c4 g6 3. Nc3 Bg7 4. e4 d6 5. Be2 O-O 6. Be3 e5 7. d5 Ne8 8. Qd2 f5
9. f3 a6 10. O-O-O b5 11. cxb5 axb5 12. Bxb5 Ba6 13. Bxa6 Rxa6 14. Qd3 Qc8 15.
Kb1 Nd7 16. Nge2 Nef6 17. exf5 gxf5 18. Qxf5 Qb7 19. Rd2 Nb6 20. Bxb6 Qxb6 21.
Rhd1 Kh8 22. Qc2 Rfa8 23. Nc1 Nd7 24. Qb3 Qa5 25. Qb5 Nc5 26. Qxa5 Rxa5 27.
N1e2 Rb8 28. Ng3 Bh6 29. Re2 Rb4 30. Nge4 Kg7 31. Nxc5 Rxc5 32. Re4 Rcc4 33.
Rxc4 Rxc4 34. Rd3 Kf7 35. g3 Ke7 36. a3 c5 37. Kc2 e4 38. fxe4 Bg7 39. b3 1-0

[Event "Issy les Moulineaux-Lille"]
[Site "Henin Beaumont"]
[Date "2008.03.16"]
[Round "9.5"]
[White "Emmenecker, Philippe"]
[Black "Burgnies, Stephane"]
[Result "1/2-1/2"]
[WhiteElo "2181"]
[BlackElo "2157"]
[PlyCount "98"]
[EventDate "2008.03.16"]
[SourceDate "2007.10.24"]

1. d4 d5 2. Nf3 Nf6 3. c4 e6 4. Nc3 Be7 5. Bg5 O-O 6. e3 h6 7. Bxf6 Bxf6 8. Qd2
c6 9. Rd1 Nd7 10. Bd3 Qe7 11. cxd5 exd5 12. O-O Nb6 13. h3 Be6 14. Rfe1 Rfd8
15. Ne2 Nc8 16. Ng3 Nd6 17. Qc2 g6 18. Ne5 h5 19. e4 dxe4 20. Bxe4 Nxe4 21.
Nxe4 Bxe5 22. dxe5 Bf5 23. f4 Bxe4 24. Qxe4 Rxd1 25. Rxd1 Rd8 26. Rxd8+ Qxd8
27. e6 Qe7 28. exf7+ Qxf7 29. b3 Qf6 30. Kh2 Kf7 31. Qc4+ Kg7 32. Qe4 Kf7 33.
Qa4 Qd6 34. Qc4+ Kf6 35. Qc3+ Kf5 36. g4+ hxg4 37. hxg4+ Ke6 38. Qe3+ Kf7 39.
Kh3 Qd5 40. Kg3 c5 41. Qf3 Qd7 42. Qc3 Qd6 43. Qc4+ Kg7 44. Qe4 Qc7 45. g5 b5
46. Qh1 Kg8 47. Qd5+ Kg7 48. Qh1 Kg8 49. Qd5+ Kg7 1/2-1/2

[Event "Issy les Moulineaux-Lille"]
[Site "Henin Beaumont"]
[Date "2008.03.16"]
[Round "9.6"]
[White "Israel, Gregory"]
[Black "Demarre, Jacques"]
[Result "1-0"]
[WhiteElo "2143"]
[BlackElo "2194"]
[PlyCount "88"]
[EventDate "2008.03.16"]
[SourceDate "2007.10.24"]

1. d4 Nf6 2. Bg5 c5 3. Bxf6 exf6 4. e3 cxd4 5. Qxd4 Nc6 6. Qe4+ Be7 7. Nc3 O-O
8. O-O-O d6 9. Nd5 Be6 10. Ne2 f5 11. Qd3 Bxd5 12. Qxd5 Bf6 13. Nf4 Rc8 14. Bd3
g6 15. Qb3 Na5 16. Qa3 d5 17. c3 d4 18. Be2 b5 19. Bxb5 Qb6 20. Qa4 Rfd8 21.
exd4 Rb8 22. b4 Nb7 23. Ba6 Bg5 24. g3 Qc7 25. Qc2 Nd6 26. Bd3 Rdc8 27. Kb2
Bxf4 28. gxf4 Nc4+ 29. Bxc4 Qxc4 30. a3 a5 31. Qd3 Qc7 32. Qf3 Qc4 33. Rc1 a4
34. Qd1 Ra8 35. Re1 Qc7 36. Re5 f6 37. Rc5 Qxf4 38. Rxc8+ Rxc8 39. Qe2 Qc7 40.
Qe6+ Kg7 41. c4 Rf8 42. d5 Qxh2 43. Qe3 f4 44. Qf3 Re8 1-0

[Event "Issy les Moulineaux-Lille"]
[Site "Henin Beaumont"]
[Date "2008.03.16"]
[Round "9.7"]
[White "Geffroy, Laurent"]
[Black "Levaux, Christian"]
[Result "1-0"]
[WhiteElo "2238"]
[BlackElo "2113"]
[PlyCount "80"]
[EventDate "2008.03.16"]
[SourceDate "2007.10.24"]

1. d4 Nf6 2. Bg5 d5 3. Bxf6 exf6 4. e3 c6 5. Nd2 Bd6 6. g3 Be6 7. Bg2 Qd7 8. e4
dxe4 9. Nxe4 Be7 10. Ne2 Bh3 11. Bxh3 Qxh3 12. Nf4 Qd7 13. d5 O-O 14. dxc6 Qxc6
15. Nd5 Re8 16. O-O Nd7 17. Nec3 Bf8 18. Qf3 Re6 19. Qg2 Rc8 20. Ne3 Ne5 21.
Qxc6 Rexc6 22. Ncd5 b5 23. a4 b4 24. a5 Nc4 25. b3 Nxe3 26. Nxe3 Bc5 27. Nc4
Re6 28. Rfe1 Kf8 29. Kf1 Ke7 30. Rad1 Rd8 31. Rxd8 Rxe1+ 32. Kxe1 Kxd8 33. f3
f5 34. Ne5 f6 35. Nd3 Bd6 36. Kf2 Kd7 37. Ke3 Be5 38. Nxb4 Bc3 39. Nd5 Bxa5 40.
c4 Bd8 1-0

[Event "Le Vesinet-Arras"]
[Site "Henin Beaumont"]
[Date "2008.03.16"]
[Round "9.1"]
[White "Jessel, Stephen"]
[Black "Goasdoue, Vincent"]
[Result "1-0"]
[WhiteElo "2309"]
[BlackElo "2141"]
[PlyCount "93"]
[EventDate "2008.03.16"]
[SourceDate "2007.10.24"]

1. e4 g6 2. d4 Bg7 3. Nc3 d6 4. Nge2 a6 5. a4 b6 6. g3 Bb7 7. Bg2 Nd7 8. Be3 e6
9. O-O Ne7 10. Qd2 h6 11. h3 d5 12. e5 Nf5 13. Nd1 a5 14. f4 h5 15. Bf2 Qc8 16.
Ne3 Nxe3 17. Bxe3 Ba6 18. Rfc1 c6 19. b3 O-O 20. c4 Qb7 21. Bf3 Rfd8 22. Qe1
Rac8 23. Qf2 Nf8 24. Qg2 Qe7 25. Bd2 dxc4 26. bxc4 c5 27. d5 exd5 28. cxd5 Qd7
29. Nc3 f6 30. Re1 fxe5 31. fxe5 Ne6 32. Rab1 Nd4 33. Rxb6 Bd3 34. Be4 Bxe4 35.
Qxe4 Qxh3 36. Rxg6 Rf8 37. Bf4 h4 38. Qg2 Qf5 39. Rg5 Qd3 40. Re3 Qh7 41. e6
Nf5 42. Re4 Kh8 43. g4 Bxc3 44. gxf5 Rxf5 45. Rxf5 Qxf5 46. Be5+ Bxe5 47. Rxh4+
1-0

[Event "Le Vesinet-Arras"]
[Site "Henin Beaumont"]
[Date "2008.03.16"]
[Round "9.2"]
[White "Andrieux, Pascal"]
[Black "Krivokapic, Ratko"]
[Result "1/2-1/2"]
[WhiteElo "2228"]
[BlackElo "2199"]
[PlyCount "71"]
[EventDate "2008.03.16"]
[SourceDate "2007.10.24"]

1. e4 c5 2. Nc3 Nc6 3. g3 g6 4. Bg2 Bg7 5. d3 d6 6. Nge2 e5 7. O-O Nge7 8. h3
Be6 9. f4 O-O 10. Be3 Nd4 11. Rb1 Qd7 12. Kh2 Rae8 13. Qd2 f5 14. Rbe1 b5 15.
Nd5 Bxd5 16. exd5 Nxe2 17. Rxe2 Kh8 18. Rfe1 Ng8 19. fxe5 Rxe5 20. c3 Rfe8 21.
Bf4 Rxe2 22. Rxe2 Bf8 23. b3 h6 24. Qe1 Rxe2 25. Qxe2 g5 26. Bd2 Qe7 27. Qe6
Qxe6 28. dxe6 Ne7 29. c4 b4 30. d4 Ng6 31. Kg1 Kg7 32. Kf2 Kf6 33. d5 Bg7 34.
Bf1 Ke7 35. Bd3 Bd4+ 36. Ke2 1/2-1/2

[Event "Le Vesinet-Arras"]
[Site "Henin Beaumont"]
[Date "2008.03.16"]
[Round "9.3"]
[White "Glod, Philippe"]
[Black "Manet, Eric"]
[Result "1-0"]
[WhiteElo "2174"]
[BlackElo "2023"]
[PlyCount "47"]
[EventDate "2008.03.16"]
[SourceDate "2007.10.24"]

1. e4 c5 2. c3 Nf6 3. e5 Nd5 4. d4 cxd4 5. Nf3 Nc6 6. Bc4 Nb6 7. Bb3 e6 8. cxd4
Bb4+ 9. Nc3 O-O 10. O-O d5 11. Bc2 g6 12. h4 Be7 13. g3 Nc4 14. a3 a6 15. b3
N4a5 16. Ng5 h6 17. Nf3 Kg7 18. Qd3 h5 19. Ne2 Bd7 20. Nf4 Rh8 21. Nxg6 fxg6
22. Qxg6+ Kf8 23. Bh6+ Rxh6 24. Qxh6+ 1-0

[Event "Le Vesinet-Arras"]
[Site "Henin Beaumont"]
[Date "2008.03.16"]
[Round "9.4"]
[White "Stawiarski, Edmond"]
[Black "Large, Laurent"]
[Result "1-0"]
[WhiteElo "2124"]
[BlackElo "2263"]
[PlyCount "107"]
[EventDate "2008.03.16"]
[SourceDate "2007.10.24"]

1. d4 d6 2. Nf3 g6 3. Bf4 Bg7 4. e3 Nd7 5. c4 c6 6. Nc3 Ngf6 7. h3 O-O 8. Be2
a6 9. a4 b6 10. O-O Bb7 11. Rc1 Re8 12. Qc2 Rc8 13. Rfd1 Qc7 14. b4 e5 15. dxe5
dxe5 16. Bh2 c5 17. b5 a5 18. Rd2 Red8 19. Rcd1 Ne8 20. Nd5 Bxd5 21. Rxd5 Nef6
22. Bxe5 Nxe5 23. Rxd8+ Rxd8 24. Rxd8+ Qxd8 25. Nxe5 Qd6 26. Nf3 Nd7 27. Qd2
Qxd2 28. Nxd2 Kf8 29. f4 Ke7 30. Kf2 f5 31. Bd3 Bc3 32. Nf3 Nf6 33. Ke2 Ne8 34.
g4 Nd6 35. Nh4 Bf6 36. g5 Bc3 37. Nf3 Ke6 38. Nh2 Bb2 39. Nf1 Ba1 40. Ng3 Bb2
41. h4 Bc1 42. h5 Kf7 43. Kf3 Ke6 44. h6 Bb2 45. Ke2 Bc1 46. Nf1 Bb2 47. Kd2
Ba3 48. Kc2 Bb4 49. Nd2 Bxd2 50. Kxd2 Ne4+ 51. Kc2 Kf7 52. Be2 Ke6 53. Bf3 Kd6
54. Bxe4 1-0

[Event "Le Vesinet-Arras"]
[Site "Henin Beaumont"]
[Date "2008.03.16"]
[Round "9.5"]
[White "Imbert, Christophe"]
[Black "Loyer, Angelique"]
[Result "1-0"]
[WhiteElo "2129"]
[BlackElo "1976"]
[PlyCount "93"]
[EventDate "2008.03.16"]
[SourceDate "2007.10.24"]

1. e4 c5 2. Nc3 e6 3. g3 Nc6 4. Bg2 Nf6 5. d3 h6 6. Nge2 Be7 7. Nf4 d6 8. O-O
a6 9. Bd2 Qc7 10. Nh5 O-O 11. Rb1 Nxh5 12. Qxh5 Nd4 13. f4 f5 14. Qd1 Bf6 15.
Be3 Bd7 16. Rf2 Bc6 17. Ne2 Nxe2+ 18. Qxe2 Rfe8 19. c3 Bb5 20. Qc2 Rad8 21. Re1
Bc6 22. Bh3 fxe4 23. dxe4 Bd7 24. Bg4 b5 25. Rd2 e5 26. Bh5 Rf8 27. Red1 Be8
28. Bxe8 Rfxe8 29. Rd5 Kf8 30. f5 Rd7 31. Bxc5 Red8 32. Be3 Qc4 33. b3 Qc6 34.
c4 Ke8 35. Qe2 bxc4 36. bxc4 Qa4 37. Bb6 Rc8 38. c5 Be7 39. cxd6 Bxd6 40. Rxd6
Rxd6 41. Rxd6 Rc1+ 42. Kf2 Rc2 43. Rd2 Rxd2 44. Qxd2 Qxe4 45. g4 Qb1 46. Qd8+
Kf7 47. Qd5+ 1-0

[Event "Le Vesinet-Arras"]
[Site "Henin Beaumont"]
[Date "2008.03.16"]
[Round "9.6"]
[White "Bourgeois, Jean Claude"]
[Black "Saglier, Paul"]
[Result "1/2-1/2"]
[WhiteElo "1875"]
[BlackElo "1886"]
[PlyCount "51"]
[EventDate "2008.03.16"]
[SourceDate "2007.10.24"]

1. d4 Nf6 2. Nf3 e6 3. e3 b6 4. Bd3 Bb7 5. Nbd2 Be7 6. c3 O-O 7. Qe2 d5 8. O-O
Nbd7 9. e4 dxe4 10. Nxe4 c5 11. Nxf6+ Nxf6 12. dxc5 Bxc5 13. Bg5 Be7 14. Rad1
Qc7 15. Bxf6 Bxf6 16. Be4 Bxe4 17. Qxe4 Rac8 18. Rd2 Rfd8 19. Rfd1 g6 20. h3
Kg7 21. Qa4 Rxd2 22. Rxd2 Rd8 23. Rxd8 Bxd8 24. Nd4 Qe5 25. Nf3 Qc7 26. Nd4
1/2-1/2

[Event "Le Vesinet-Arras"]
[Site "Henin Beaumont"]
[Date "2008.03.16"]
[Round "9.7"]
[White "Imbert, Etienne"]
[Black "Le Guillon, Mathieu"]
[Result "1-0"]
[WhiteElo "1920"]
[BlackElo "1900"]
[PlyCount "79"]
[EventDate "2008.03.16"]
[SourceDate "2007.10.24"]

1. c4 Nf6 2. d4 c5 3. e3 cxd4 4. exd4 g6 5. Nf3 Bg7 6. Be2 O-O 7. O-O d6 8. Nc3
Bf5 9. Nh4 Bd7 10. d5 Na6 11. Be3 b6 12. Rc1 Nc5 13. Qc2 Rc8 14. b4 Nb7 15. Qd3
e5 16. Bg5 h6 17. Bxf6 Bxf6 18. Nxg6 fxg6 19. Qxg6+ Bg7 20. Bd3 Rf4 21. Qh7+
Kf8 22. Ne2 Rg4 23. f4 e4 24. Bxe4 Qf6 25. h3 Rh4 26. Kh2 Kf7 27. Bf3 Rh8 28.
Qd3 Bf5 29. Be4 Bxe4 30. Qxe4 Re8 31. Qf3 Qg6 32. Ng3 Bf6 33. Rce1 Rg8 34. f5
Qg7 35. Nh5 Be5+ 36. Kh1 Qg5 37. Rxe5 dxe5 38. d6 Nxd6 39. Qd5+ Ke8 40. Qe6+
1-0

[Event "Le Vesinet-Arras"]
[Site "Henin Beaumont"]
[Date "2008.03.16"]
[Round "9.8"]
[White "Marciniak, Francois"]
[Black "Millet, Maud"]
[Result "1-0"]
[WhiteElo "1798"]
[BlackElo "1910"]
[PlyCount "97"]
[EventDate "2008.03.16"]
[SourceDate "2007.10.24"]

1. b3 e5 2. Bb2 d6 3. e3 Nd7 4. Nf3 Ngf6 5. Be2 Be7 6. d3 c6 7. O-O O-O 8. Nbd2
Re8 9. Ng5 Nd5 10. Nge4 f5 11. Ng3 N7f6 12. c4 f4 13. cxd5 fxg3 14. hxg3 Nxd5
15. e4 Nc7 16. f4 Bf6 17. f5 b6 18. Nf3 Bb7 19. Nh2 d5 20. Bh5 Re7 21. Ng4 Qd6
22. Qf3 dxe4 23. Nxf6+ gxf6 24. dxe4 Nb5 25. Rad1 Nd4 26. Qe3 c5 27. Rd2 Rg7
28. Rfd1 Qf8 29. g4 Rc8 30. Qd3 Qe7 31. Qc4+ Kh8 32. Re1 Qd7 33. Kh1 Qb5 34.
Rxd4 Qa5 35. Rdd1 Qxa2 36. Bc1 Re7 37. Re2 Qa5 38. Red2 b5 39. Qe2 a6 40. Rd7
Rxd7 41. Rxd7 Bc6 42. Rd6 c4 43. bxc4 bxc4 44. Rxf6 Ba4 45. g5 Rd8 46. Kh2 Qc3
47. Bb2 Qa5 48. Qxc4 Qe1 49. Rf8+ 1-0

[Event "Arcueil-Neuville en Ferrain"]
[Site "Arcueil"]
[Date "2008.03.16"]
[Round "9.1"]
[White "Marchand, Francois"]
[Black "Boudrenghien, Francois"]
[Result "1/2-1/2"]
[WhiteElo "2217"]
[BlackElo "2112"]
[PlyCount "80"]
[EventDate "2008.03.16"]
[SourceDate "2007.10.24"]

1. d4 d6 2. Nf3 Bg4 3. e4 Nf6 4. Nc3 Nbd7 5. e5 Ng8 6. h3 Bxf3 7. Qxf3 c6 8.
Bf4 d5 9. e6 fxe6 10. Qe3 e5 11. Bxe5 Nxe5 12. Qxe5 Qd6 13. Qxd6 exd6 14. Bd3
g6 15. O-O Bg7 16. Rae1+ Kd7 17. Ne2 Nf6 18. Ng3 Rae8 19. c3 Rxe1 20. Rxe1 Re8
21. Rxe8 Nxe8 22. h4 c5 23. h5 cxd4 24. hxg6 hxg6 25. Bxg6 dxc3 26. bxc3 Bxc3
27. Ne2 Bg7 28. f4 b5 29. Kf2 a5 30. g4 Nf6 31. Kf3 b4 32. g5 Ne4 33. Bxe4
dxe4+ 34. Kxe4 a4 35. Nd4 Ke8 36. Nc2 b3 37. axb3 axb3 38. Na3 Ke7 39. f5 Be5
40. Kd3 Bf4 1/2-1/2

[Event "Arcueil-Neuville en Ferrain"]
[Site "Arcueil"]
[Date "2008.03.16"]
[Round "9.2"]
[White "Depoorter, Enguerran"]
[Black "Mircescu, Ovidiu"]
[Result "1-0"]
[WhiteElo "2208"]
[BlackElo "2148"]
[PlyCount "61"]
[EventDate "2008.03.16"]
[SourceDate "2007.10.24"]

1. e4 e5 2. Nf3 Nf6 3. Nxe5 d6 4. Nf3 Nxe4 5. d3 Nf6 6. d4 Bg4 7. Be2 d5 8. Ne5
Bxe2 9. Qxe2 Qe7 10. O-O Nbd7 11. Nc3 c6 12. Bg5 h6 13. Bxf6 Nxf6 14. Rfe1
O-O-O 15. b4 Qc7 16. Rab1 Bd6 17. b5 c5 18. b6 axb6 19. Nb5 Qe7 20. Na7+ Kc7
21. Qb5 Nd7 22. Nxd7 Qxd7 23. Qxb6+ Kb8 24. Nc6+ Kc8 25. Na7+ Kb8 26. Nc6+ Kc8
27. Nxd8 Rxd8 28. dxc5 Bf8 29. Re3 Qc7 30. Reb3 Rd7 31. c6 1-0

[Event "Arcueil-Neuville en Ferrain"]
[Site "Arcueil"]
[Date "2008.03.16"]
[Round "9.3"]
[White "Couche, Jean Francois"]
[Black "Stevens, Christian"]
[Result "1-0"]
[WhiteElo "2103"]
[BlackElo "2135"]
[PlyCount "63"]
[EventDate "2008.03.16"]
[SourceDate "2007.10.24"]

1. c4 Nf6 2. Nf3 g6 3. g3 Bg7 4. Bg2 O-O 5. O-O d6 6. Nc3 c5 7. d4 Nc6 8. d5
Na5 9. Qd3 a6 10. e4 Rb8 11. Bf4 b5 12. cxb5 axb5 13. e5 Ne8 14. Ne4 Bf5 15.
Qe2 c4 16. Rfd1 Nb7 17. Nd4 dxe5 18. Nc6 Qc7 19. Nxb8 exf4 20. Nc6 fxg3 21.
hxg3 Nf6 22. Nc3 Bd3 23. Qxe7 Qb6 24. Bf3 Nc5 25. Qd6 Kh8 26. Re1 Bf5 27. Qe7
b4 28. Nd1 Nd3 29. Qe3 Qc7 30. Re2 h5 31. Qa7 Qd6 32. Qe7 1-0

[Event "Arcueil-Neuville en Ferrain"]
[Site "Arcueil"]
[Date "2008.03.16"]
[Round "9.4"]
[White "Dessenne, Francois"]
[Black "Daubas, Christophe"]
[Result "1/2-1/2"]
[WhiteElo "2082"]
[BlackElo "2032"]
[PlyCount "107"]
[EventDate "2008.03.16"]
[SourceDate "2007.10.24"]

1. e4 c5 2. Nf3 Nc6 3. Nc3 e5 4. Bc4 Be7 5. d3 d6 6. Nd2 Nf6 7. Nf1 O-O 8. Ne3
Nd4 9. O-O Rb8 10. a4 a6 11. a5 Nc6 12. Ncd5 Nxd5 13. Nxd5 Be6 14. Bd2 Bg5 15.
Qc1 Bxd2 16. Qxd2 Kh8 17. Nb6 Qe7 18. f4 exf4 19. Rxf4 Ne5 20. Bd5 Nd7 21. Nxd7
Qxd7 22. Bxe6 fxe6 23. Raf1 Qe7 24. Rxf8+ Rxf8 25. Rxf8+ Qxf8 26. Qf2 Kg8 27.
Qf3 Qf6 28. c3 Qg5 29. Qf1 Qe3+ 30. Kh1 Qd2 31. Qb1 Kf7 32. h3 Kf6 33. Qf1+ Kg6
34. d4 cxd4 35. cxd4 Qxd4 36. Qf3 Qxb2 37. Qg3+ Kf6 38. Qh4+ Kf7 39. Qh5+ Ke7
40. Qxh7 Qc1+ 41. Kh2 Qh6 42. Qg8 Qf4+ 43. Kh1 Qf8 44. Qh7 Kd7 45. Qh4 Qf1+ 46.
Kh2 Qb5 47. Qe1 Qe5+ 48. Kh1 d5 49. Qb4 Qc7 50. exd5 exd5 51. Qg4+ Kc6 52. Qa4+
Kd6 53. Qf4+ Kd7 54. Qg4+ 1/2-1/2

[Event "Arcueil-Neuville en Ferrain"]
[Site "Arcueil"]
[Date "2008.03.16"]
[Round "9.5"]
[White "Zeller, Olivier"]
[Black "Tupet, Guillaume"]
[Result "1/2-1/2"]
[WhiteElo "2010"]
[BlackElo "2051"]
[PlyCount "90"]
[EventDate "2008.03.16"]
[SourceDate "2007.10.24"]

1. e4 c5 2. Nf3 Nc6 3. Bb5 g6 4. O-O Bg7 5. c3 Nf6 6. Re1 O-O 7. d4 d5 8. exd5
Qxd5 9. Bxc6 bxc6 10. dxc5 Qxc5 11. Nbd2 Ba6 12. Qa4 Qb6 13. Ne5 Bb5 14. Qh4
Rad8 15. Ndf3 c5 16. Bh6 Ba6 17. b3 Bb7 18. Ng5 Qc7 19. Ng4 Nxg4 20. Bxg7 Kxg7
21. Qxg4 h6 22. Nf3 Rd5 23. Rad1 Rfd8 24. Rxd5 Rxd5 25. c4 Rf5 26. Qg3 Qd8 27.
h4 Bxf3 28. gxf3 e6 29. Re5 Qd4 30. Rxf5 exf5 31. Qc7 Qa1+ 32. Kg2 Qxa2 33.
Qxc5 Qxb3 34. Qe5+ Kh7 35. Qc7 Kg7 36. Qe5+ Kf8 37. Qd6+ Kg8 38. Qd8+ Kg7 39.
Qd4+ Kg8 40. Qd8+ Kh7 41. Qc7 Kg8 42. Qd8+ Kg7 43. Qd4+ Kh7 44. Qd5 Kg7 45.
Qd4+ Kg8 1/2-1/2

[Event "Arcueil-Neuville en Ferrain"]
[Site "Arcueil"]
[Date "2008.03.16"]
[Round "9.6"]
[White "Vanacker, Stephane"]
[Black "Cheron, Stephane"]
[Result "1/2-1/2"]
[WhiteElo "2039"]
[BlackElo "2001"]
[PlyCount "72"]
[EventDate "2008.03.16"]
[SourceDate "2007.10.24"]

1. d4 d5 2. Nf3 c5 3. c3 e6 4. Bg5 Nf6 5. e3 a6 6. a4 b6 7. Nbd2 Bb7 8. Ne5 Be7
9. f4 Nbd7 10. Bd3 Ne4 11. Bxe7 Qxe7 12. Bxe4 dxe4 13. Qb3 Nxe5 14. dxe5 Qd8
15. Rd1 Rb8 16. O-O Qc7 17. Qc2 O-O 18. Nxe4 Bxe4 19. Qxe4 Rbd8 20. Qc2 Rxd1
21. Rxd1 Rd8 22. Kf2 g6 23. c4 Qe7 24. g3 Rd7 25. Ke2 Rxd1 26. Qxd1 Qb7 27. Kd3
Qg2 28. Qe2 Qh1 29. Kc3 Kg7 30. e4 Qg1 31. Qd2 Qh1 32. Qc2 Qg1 33. Kb3 Qd4 34.
g4 g5 35. fxg5 Qxe5 36. h4 Qg3+ 1/2-1/2

[Event "Arcueil-Neuville en Ferrain"]
[Site "Arcueil"]
[Date "2008.03.16"]
[Round "9.7"]
[White "Carbonnet, Christophe"]
[Black "Warkentin, Jurgen"]
[Result "1-0"]
[WhiteElo "1820"]
[BlackElo "1939"]
[PlyCount "33"]
[EventDate "2008.03.16"]
[SourceDate "2007.10.24"]

1. d4 g6 2. c4 Bg7 3. Nc3 d6 4. e4 Nd7 5. f4 c5 6. d5 a6 7. Nf3 b5 8. cxb5 axb5
9. Bxb5 Ba6 10. Bxa6 Rxa6 11. O-O Bxc3 12. bxc3 Qa8 13. Qe2 Ngf6 14. c4 O-O 15.
e5 dxe5 16. fxe5 Nh5 17. Bh6 {suite illisible} 1-0

[Event "Arcueil-Neuville en Ferrain"]
[Site "Arcueil"]
[Date "2008.03.16"]
[Round "9.8"]
[White "Warkentin, Sabine"]
[Black "Venkatesan, Valerie"]
[Result "1-0"]
[WhiteElo "1765"]
[BlackElo "1299"]
[PlyCount "82"]
[EventDate "2008.03.16"]
[SourceDate "2007.10.24"]

1. d4 d5 2. Nc3 Nf6 3. Bg5 Nc6 4. e3 Bf5 5. Bd3 Qd7 6. Bxf5 Qxf5 7. Bf4 Nb4 8.
Rc1 O-O-O 9. a3 Nc6 10. Nf3 Rg8 11. Qd3 Qg4 12. Bg3 g6 13. h3 Qe6 14. Nb5 Ne8
15. Ng5 Qd7 16. Nxf7 Ng7 17. Nxd8 Qxd8 18. Bxc7 Qd7 19. Bg3 Nf5 20. Qc3 e6 21.
Nxa7+ Kd8 22. Nxc6+ bxc6 23. Be5 Bh6 24. Qa5+ Ke8 25. Qc7 Nh4 26. Qxd7+ Kxd7
27. O-O Rf8 28. Rce1 Rf5 29. Bg3 Rg5 30. Bxh4 Rh5 31. Bg3 g5 32. f4 g4 33. hxg4
c5 34. gxh5 c4 35. e4 Bg7 36. c3 dxe4 37. Rxe4 Kd6 38. Rfe1 e5 39. fxe5+ Ke6
40. Kf2 Kf5 41. e6 Bf8 1-0

[Event "Issy les Moulineaux-Franconville"]
[Site "Issy les Moulineaux"]
[Date "2008.04.05"]
[Round "10.1"]
[White "Roser, Kevin"]
[Black "Debray, Christopher"]
[Result "1-0"]
[WhiteElo "2409"]
[BlackElo "2381"]
[PlyCount "79"]
[EventDate "2008.04.05"]
[SourceDate "2007.10.24"]

1. e4 c5 2. Nf3 Nc6 3. d4 cxd4 4. Nxd4 Nf6 5. Nc3 e5 6. Ndb5 d6 7. Bg5 a6 8.
Na3 b5 9. Nd5 Be7 10. Bxf6 Bxf6 11. c4 Nd4 12. cxb5 Be6 13. Bc4 axb5 14. Bxb5+
Kf8 15. Bc4 Qa5+ 16. Qd2 Qxd2+ 17. Kxd2 Bg5+ 18. Kd3 f5 19. f3 Kf7 20. Nc2 Nxc2
21. Kxc2 Rhc8 22. Kd3 Rcb8 23. Rhb1 Ra4 24. a3 fxe4+ 25. fxe4 Bxd5 26. Bxd5+
Kg6 27. b4 Rf8 28. Ra2 Rc8 29. Bb3 Ra7 30. a4 Bd8 31. a5 Rb8 32. Bd5 Rb5 33.
Rb3 Rc7 34. Rc2 Rxc2 35. Kxc2 Bc7 36. Rg3+ Kh6 37. Kc3 Rb8 38. Rf3 Rc8 39. Kb3
Bb8 40. b5 1-0

[Event "Issy les Moulineaux-Franconville"]
[Site "Issy les Moulineaux"]
[Date "2008.04.05"]
[Round "10.2"]
[White "Appendino, Jerome"]
[Black "Piankov, Evgieny"]
[Result "1-0"]
[WhiteElo "2187"]
[BlackElo "2341"]
[PlyCount "79"]
[EventDate "2008.04.05"]
[SourceDate "2007.10.24"]

1. e4 g6 2. d4 Bg7 3. Nc3 c6 4. Nf3 d5 5. h3 Nf6 6. Bd3 dxe4 7. Nxe4 Nxe4 8.
Bxe4 O-O 9. c3 Be6 10. O-O Bd5 11. Qe2 Nd7 12. Re1 Bxe4 13. Qxe4 Re8 14. Bg5
Qc7 15. Bf4 Qb6 16. Re2 c5 17. d5 Rad8 18. Qa4 a6 19. Rae1 Bf6 20. g4 Nf8 21.
g5 Bg7 22. c4 Rd7 23. Ne5 Bxe5 24. Bxe5 Qb4 25. Qc2 b5 26. b3 bxc4 27. bxc4 Rc8
28. Qe4 Rcd8 29. Rb1 Qa3 30. Kg2 Qa4 31. Rb3 e6 32. d6 h5 33. gxh6 Rc8 34. Qf4
Qc6+ 35. Kh2 Nh7 36. Rg3 Rb8 37. h4 Rb1 38. f3 Qa4 39. Reg2 Qd1 40. Rxg6+ 1-0

[Event "Issy les Moulineaux-Franconville"]
[Site "Issy les Moulineaux"]
[Date "2008.04.05"]
[Round "10.3"]
[White "Callet, Emmanuel"]
[Black "Jactel, Nicolas"]
[Result "0-1"]
[WhiteElo "2232"]
[BlackElo "2153"]
[PlyCount "64"]
[EventDate "2008.04.05"]
[SourceDate "2007.10.24"]

1. Nf3 g6 2. d4 Nf6 3. c4 Bg7 4. g3 d5 5. cxd5 Nxd5 6. e4 Nb6 7. h3 O-O 8. Nc3
Nc6 9. Be3 e5 10. d5 Ne7 11. Qb3 Kh8 12. O-O-O f5 13. Ng5 fxe4 14. g4 Bh6 15.
Nf7+ Rxf7 16. Bxh6 Ng8 17. Be3 c6 18. d6 Qe8 19. Nxe4 Be6 20. Qc2 Bd5 21. Rg1
Nf6 22. Nc3 Rd8 23. f4 Rxd6 24. g5 Nfd7 25. fxe5 Nxe5 26. Bd4 Kg8 27. Bg2 Bxg2
28. Rxg2 Nf3 29. Bf6 Qe3+ 30. Kb1 Rfd7 31. Re2 Rxd1+ 32. Nxd1 Nd2+ 0-1

[Event "Issy les Moulineaux-Franconville"]
[Site "Issy les Moulineaux"]
[Date "2008.04.05"]
[Round "10.4"]
[White "Barthes, Christian"]
[Black "Lavabre, Fabien"]
[Result "0-1"]
[WhiteElo "2119"]
[BlackElo "2221"]
[PlyCount "92"]
[EventDate "2008.04.05"]
[SourceDate "2007.10.24"]

1. d4 Nf6 2. c4 g6 3. Nf3 Bg7 4. g3 d5 5. cxd5 Nxd5 6. Bg2 O-O 7. O-O Nb6 8.
Nc3 Nc6 9. e3 h6 10. Re1 a6 11. b3 Bg4 12. h3 Be6 13. Bb2 Qc8 14. Kh2 Rd8 15.
Ne4 Bf5 16. Qb1 g5 17. Ne5 Nxe5 18. dxe5 Nd5 19. a3 Bg6 20. f4 Rb8 21. Qc1 g4
22. h4 b6 23. Qc6 e6 24. Nf6+ Nxf6 25. exf6 Rd6 26. Qc3 Bf8 27. Red1 Qd7 28.
Rd4 c5 29. Rxd6 Qxd6 30. h5 Bh7 31. Qc1 Qd3 32. Qc3 Rd8 33. Bf1 Qf5 34. Bg2
Qxh5+ 35. Kg1 Rd3 36. Qe1 Rxb3 37. Be5 Bd3 38. Kf2 c4 39. Qd2 Bxa3 40. Rh1 Qg6
41. Bf1 Bc5 42. Rh4 Kh7 43. f5 Qxf5+ 44. Bf4 h5 45. Kg1 e5 46. Qh2 Bxe3+ 0-1

[Event "Issy les Moulineaux-Franconville"]
[Site "Issy les Moulineaux"]
[Date "2008.04.05"]
[Round "10.5"]
[White "Emmenecker, Philippe"]
[Black "Eid, Maha"]
[Result "1-0"]
[WhiteElo "2168"]
[BlackElo "1942"]
[PlyCount "53"]
[EventDate "2008.04.05"]
[SourceDate "2007.10.24"]

1. d4 Nf6 2. c4 e6 3. Nf3 b6 4. g3 Bb7 5. Bg2 Be7 6. O-O O-O 7. d5 exd5 8. Nh4
d6 9. cxd5 Nbd7 10. Nf5 Re8 11. Nxe7+ Qxe7 12. Nc3 a6 13. e4 b5 14. a3 Nc5 15.
Re1 Ncd7 16. Be3 Ne5 17. Bd4 Nfd7 18. f4 Nc4 19. Qg4 f6 20. b4 Rad8 21. Qe2
Ndb6 22. Qf2 Qd7 23. Bf1 Re7 24. a4 bxa4 25. Nxa4 Rde8 26. Nxb6 cxb6 27. Bxc4
1-0

[Event "Issy les Moulineaux-Franconville"]
[Site "Issy les Moulineaux"]
[Date "2008.04.05"]
[Round "10.6"]
[White "Abouan, Stephane"]
[Black "Geffroy, Laurent"]
[Result "0-1"]
[WhiteElo "2031"]
[BlackElo "2237"]
[PlyCount "84"]
[EventDate "2008.04.05"]
[SourceDate "2007.10.24"]

1. e4 e6 2. d3 d5 3. Qe2 Nc6 4. Nf3 dxe4 5. dxe4 e5 6. c3 Bc5 7. Qc2 Nf6 8. Bb5
Qe7 9. Bg5 O-O 10. Nbd2 Bxf2+ 11. Ke2 Bc5 12. Raf1 Bd7 13. Kd1 h6 14. Bh4 Qd6
15. h3 a6 16. Be2 b5 17. g4 Be3 18. g5 Nh5 19. gxh6 gxh6 20. Bf2 Bxf2 21. Rxf2
Nf4 22. Nh4 Ne7 23. Bg4 Rad8 24. Rg1 Kh8 25. Rh2 Qd3 26. Qxd3 Nxd3 27. Kc2 Nf4
28. Ndf3 f6 29. Ng2 Bc6 30. Nd2 Nxg2 31. Rhxg2 f5 32. Bh5 fxe4 33. Re2 Rf4 34.
Rge1 Kg7 35. Nxe4 Bxe4+ 36. Rxe4 Rxe4 37. Rxe4 Kf6 38. a4 Nd5 39. axb5 axb5 40.
Be2 c6 41. c4 bxc4 42. Rxc4 Ne3+ 0-1